000 00511nam a2200181Ia 4500
001 7680
005 20260306160513.0
008 260306t2011||||xx |||||||||||||| ||spa||
041 _aESP
082 _a354.3
_bI61
100 _aInstituto Nacional de Recursos Naturales
_eAUT
245 0 _aReserva Nacional Salinas y Aguada Blanca:
_bplan maestro 2006-2011, Arequipa - Moquegua 2006-2011
260 _c2011
300 _a228 páginas :
_c29 cm.
650 _aGEN
654 _aCIA
942 _cLIB
_dJUS
_fJUS
_2ddc
_n
999 _c7680
_d7680